00492nam a22001337a 4500003000900000005001700009008004100026040001300067245007500080250001100155260002300166300002000189520014900209IT-RoPau20220918181102.0130313b xxu||||| |||| 00| 0 eng d cIT-RoPau aCapitolo Generale ssp 13 aprile 1980bbolletino di informazioni n° 6 a1° ed aAricciabSSPc1980 aS.n.p.c29,5 cm aIndice Le parole che Giovanni Paolo II ha rivolto ai Capitolari Lavori Capitolari Visita del Segretario della Sacra Congregazione dei Religiosi